000 00742nam a22002537a 4500
003 CHAP
005 20220817041502.0
008 971013s r 00010 d
010 _a15868
011 _a16840
035 _a20922
040 _cCHAP
090 _aR-233
100 0 0 _aBeyers, L.
_912128
245 _aInvloed van Koperbemesting op die koperinhoud van sekere gewase
500 _aSobretiro de S. Afr. Tydskr. Landboumet 9 : 907-910, 1966
590 _aBATCH-UPD
_b10
_c20130110
_lUCH01
_h1203
590 _aCONVERSION
_b10
_c20130109
_lUCH01
_h1310
650 1 4 _aCobre en plantas.
_924193
650 1 4 _aFertilizantes
_xEfecto en plantas.
901 _aBK
942 _cREIMP
949 _aR-233
_bBC
_cR
_d-48914
_eTS1
_i20922
_si
999 _c15868
_d15868